[Event "GCT 2022 Saint Louis - Rapid"]
[Site "Saint Louis"]
[Date "26.08.2022"]
[Round "1R"]
[White "Xiong, Jeffery"]
[Black "Nepomniachtchi, Ian"]
[Result "1/2-1/2"]
[WhiteTitle ""]
[BlackTitle ""]
[WhiteElo "2690"]
[BlackElo "2792"]
[WhiteFideId "2047640"]
[BlackFideId "4168119"]
[EventDate "2022.08.26"]

1. d4 Nf6 2. c4 e6 3. Nf3 d5 4. Nc3 c5 5. cxd5 cxd4 6. Qxd4 exd5 7. e4 dxe4 8.
Qxd8+ Kxd8 9. Ng5 Be6 10. Nxe6+ fxe6 11. Bg5 Nc6 12. Bc4 Ke7 13. Nxe4 Kf7 14.
Bxf6 gxf6 15. O-O-O Rd8 16. Rxd8 Nxd8 17. Rd1 Be7 18. Nd6+ Kg6 19. a3 f5 20. b4
Kf6 21. Kb2 h5 22. Nb5 Nc6 23. Nc7 Rd8 24. Rxd8 Nxd8 25. g3 Kf7 26. Kc2 Bf6 27.
Nb5 a6 28. Nc3 Nc6 29. Ne2 b5 30. Ba2 Be5 31. Nc1 Nd4+ 32. Kd1 Nf3 33. Nd3 Bd6
34. Ke2 Nd4+ 35. Ke3 Nc2+ 36. Kd2 Nxa3 37. Kc3 Kf6 38. f4 Bc7 39. Nc5 a5 40.
Nxe6 axb4+ 41. Kxb4 Bd6+ 42. Kc3 b4+ 43. Kd3 Nb5 44. Nd4 Nc3 45. Be6 Bc5 46. Bd7
Ne4 47. Nxf5 b3 48. Nh4 Bg1 49. Nf3 Nc5+ 50. Kc3 Bxh2 51. Nxh2 Nxd7 52. Kxb3
Nc5+ 53. Kc4 Ne4 54. Nf1 Kf5 55. Kd4 Nxg3 56. Nxg3+ Kxf4 57. Nxh5+ 1/2-1/2

[Event "GCT 2022 Saint Louis - Rapid"]
[Site "Saint Louis"]
[Date "26.08.2022"]
[Round "1R"]
[White "Caruana, Fabianoabiano"]
[Black "Shankland, Samam"]
[Result "1/2-1/2"]
[WhiteTitle ""]
[BlackTitle ""]
[WhiteElo "2776"]
[BlackElo "2720"]
[WhiteFideId "2020009"]
[BlackFideId "2004887"]
[EventDate "2022.08.26"]

1. e4 e5 2. Nf3 Nc6 3. Bc4 Bc5 4. O-O Nf6 5. d3 d6 6. c3 a6 7. a4 h6 8. Nbd2 Ba7
9. Re1 Be6 10. b4 O-O 11. Bxe6 fxe6 12. Nf1 Ne7 13. Ng3 Ng6 14. d4 Qe7 15. h3
Nd7 16. Be3 Rf7 17. Ra2 Raf8 18. Nh2 Kh7 19. Rb2 Qh4 20. a5 c6 21. Qg4 Qxg4 22.
Nxg4 exd4 23. cxd4 d5 24. e5 Nh4 25. Nh2 g5 26. Nhf1 Kg6 27. f3 h5 28. Nd2 g4
29. fxg4 hxg4 30. Kh1 Rh8 31. Rb3 Kg7 32. Rd3 gxh3 33. gxh3 Ng6 34. Kg2 Nh4+ 35.
Kh2 Kf8 36. Rf1 Rxf1 37. Ngxf1 Rg8 38. Ng3 Ke8 39. Bg1 Rf8 40. Ne2 Bb8 41. Kh1
Bc7 42. Rg3 Bd8 43. Nc1 Nf5 44. Rg4 Rh8 45. Kh2 Nh6 46. Rg2 Nf5 47. Nd3 Be7 48.
Bf2 Kf7 49. Nf3 Nf8 50. Nc5 Bxc5 51. bxc5 Ng6 52. Rg4 Rh6 53. h4 Ke7 54. Kh3 Kd7
55. Ne1 Nfe7 56. Ng2 Rh8 57. Be3 Ke8 58. Bg5 Kf7 59. Bf6 Rh5 60. Kg3 Nf5+ 61.
Kf2 Nh6 62. Rg3 Nf5 63. Rxg6 Kxg6 64. Nf4+ Kh6 65. Bg5+ Rxg5 66. hxg5+ Kxg5 67.
Nxe6+ Kg6 68. Ke2 Kf7 69. Ng5+ Kg6 70. Nf3 Ng7 71. Ke3 Ne6 72. Ne1 Kf5 73. Nd3
Kg5 74. Nb2 Kg6 75. Na4 Kf7 76. Nb6 Ke8 77. Nc8 Kd7 78. Nd6 Kc7 79. Nf5 Kd7 80.
Ng3 Ke7 81. Nh5 Kf7 82. Nf4 Ng7 83. Kf3 Nf5 84. Ne2 Ng7 85. Ng3 Ke7 86. Kg4 Ne6
87. Ne2 Kf7 88. Kf5 Ng7+ 89. Kg5 Ne6+ 90. Kg4 Nc7 91. Kf4 Ne6+ 92. Ke3 Ke7 93.
Ng3 Ng7 94. Kf3 Ne6 95. Nf5+ Ke8 96. Kf2 Kd7 97. Kg3 Ke8 98. Kf3 Kf8 99. Ke3 Nd8
100. Nd6 Ke7 101. Ke2 Kd7 102. Kf3 Ke7 103. Nf5+ Kf7 104. Ke3 Kg6 105. Nd6 Kg7
106. Ke2 Kf8 107. Kf3 Ke7 108. Nf5+ Kf7 109. Ke3 Ke8 110. Ng7+ Kf7 111. Nh5 Ne6
112. Nf4 Ng7 113. Kf3 Nf5 114. Ne2 Ke7 115. Kg4 Ne3+ 116. Kg5 Nc2 117. Kg6 Ke6
118. Kg5 1/2-1/2

[Event "GCT 2022 Saint Louis - Rapid"]
[Site "Saint Louis"]
[Date "26.08.2022"]
[Round "1R"]
[White "Aronian, Levonevon"]
[Black "Vachier-Lagrave, Maximeaxime"]
[Result "1/2-1/2"]
[WhiteTitle ""]
[BlackTitle ""]
[WhiteElo "2775"]
[BlackElo "2757"]
[WhiteFideId "13300474"]
[BlackFideId "623539"]
[EventDate "2022.08.26"]

1. Nf3 d5 2. d4 Nf6 3. c4 dxc4 4. e3 e6 5. Bxc4 a6 6. O-O c5 7. Nbd2 cxd4 8.
Nxd4 Be7 9. Be2 O-O 10. b3 b5 11. a4 bxa4 12. Rxa4 Bd7 13. Ra1 Nc6 14. Bf3 Rc8
15. Bxc6 Bxc6 16. Rxa6 Bb7 17. Ra7 Qb6 18. Ra4 Rfd8 19. Nc4 Qc7 20. Bd2 Rd5 21.
Qe2 Bc5 22. Na5 Ne4 23. Be1 Bxd4 24. exd4 Ba8 25. Rc4 Qd7 26. Rxc8+ Qxc8 27. Nc4
Rxd4 28. f3 Nf6 29. Bc3 Rd8 30. Bxf6 gxf6 31. Qe3 Bd5 32. Rc1 Qb8 33. Nb6 Kg7
34. b4 Rd6 35. Nxd5 Rxd5 36. Rb1 h5 37. Qf2 Qb5 38. h3 Kf8 39. Kh1 Qb8 40. Qb2
Kg7 41. Qf2 Rb5 42. Qd4 Rd5 43. Qf2 Rb5 44. Qd4 Rd5 45. Qf2 Rb5 1/2-1/2

[Event "GCT 2022 Saint Louis - Rapid"]
[Site "Saint Louis"]
[Date "26.08.2022"]
[Round "2R"]
[White "Nepomniachtchi, Ian"]
[Black "Vachier-Lagrave, Maximeaxime"]
[Result "1/2-1/2"]
[WhiteTitle ""]
[BlackTitle ""]
[WhiteElo "2792"]
[BlackElo "2757"]
[WhiteFideId "4168119"]
[BlackFideId "623539"]
[EventDate "2022.08.26"]

1. d4 Nf6 2. c4 g6 3. Nc3 d5 4. cxd5 Nxd5 5. e4 Nxc3 6. bxc3 Bg7 7. Bc4 c5 8.
Ne2 O-O 9. O-O Nc6 10. Be3 b6 11. Rc1 Bb7 12. Qd2 Rc8 13. Rfd1 cxd4 14. cxd4 e6
15. Bb5 Na5 16. f3 Qd6 17. h4 a6 18. Bd3 Nc6 19. Bc4 Na5 20. Bb3 h5 21. Bh6 Nxb3
22. axb3 a5 23. Bxg7 Kxg7 24. Qg5 Qd8 25. Nc3 Qd6 26. Nb5 Qd7 27. Nc3 Qd6 28. d5
exd5 29. e5 Qd8 30. Qf4 Qe7 31. Nb5 Rxc1 32. Rxc1 Rc8 33. Re1 Rc5 34. Nd6 Bc8
35. b4 axb4 36. Qxb4 Be6 37. Ra1 Kh7 38. Qxb6 Qc7 39. Qxc7 Rxc7 40. Ra8 Rc1+ 41.
Kh2 Re1 42. f4 d4 43. Rd8 d3 44. Ne8 Bf5 45. Nf6+ Kg7 46. Kg3 Re3+ 47. Kf2 Re2+
48. Kf3 Bg4+ 49. Kg3 d2 50. Rg8+ Kh6 51. Rh8+ Kg7 52. Rg8+ Kh6 53. Ne8 Kh7 54.
Nf6+ Kh6 1/2-1/2

[Event "GCT 2022 Saint Louis - Rapid"]
[Site "Saint Louis"]
[Date "26.08.2022"]
[Round "2R"]
[White "Mamedyarov, Shakhriyar"]
[Black "Aronian, Levonevon"]
[Result "1/2-1/2"]
[WhiteTitle ""]
[BlackTitle ""]
[WhiteElo "2758"]
[BlackElo "2775"]
[WhiteFideId "13401319"]
[BlackFideId "13300474"]
[EventDate "2022.08.26"]

1. d4 Nf6 2. Bg5 d5 3. Bxf6 gxf6 4. c4 c6 5. e3 e6 6. Nc3 Nd7 7. cxd5 cxd5 8.
Bd3 f5 9. h3 h5 10. h4 a6 11. Nge2 Nf6 12. Nf4 Bd6 13. g3 Bd7 14. a3 Qb6 15. Rb1
Rc8 16. Nce2 Qa5+ 17. Kf1 Rc7 18. Kg2 Ba4 19. b3 Bd7 20. b4 Qa4 21. Qxa4 Bxa4
22. b5 axb5 23. Bxb5+ Bxb5 24. Rxb5 O-O 25. Rhb1 Ra8 26. Rxb7 Rxb7 27. Rxb7 Rxa3
28. Nh3 Ra2 29. Nef4 Bxf4 30. gxf4 Ne4 31. Rb8+ Kg7 32. Rb7 Kg8 33. Rb8+ Kg7 34.
Rb7 Kg8 1/2-1/2

[Event "GCT 2022 Saint Louis - Rapid"]
[Site "Saint Louis"]
[Date "26.08.2022"]
[Round "2R"]
[White "Xiong, Jeffery"]
[Black "Caruana, Fabianoabiano"]
[Result "1-0"]
[WhiteTitle ""]
[BlackTitle ""]
[WhiteElo "2690"]
[BlackElo "2776"]
[WhiteFideId "2047640"]
[BlackFideId "2020009"]
[EventDate "2022.08.26"]

1. c4 e5 2. Nc3 Nf6 3. g3 Bb4 4. Bg2 O-O 5. e4 Bxc3 6. bxc3 c6 7. Nf3 d5 8. cxd5
cxd5 9. exd5 Nxd5 10. O-O Nc6 11. Re1 Re8 12. d4 exd4 13. Bg5 Rxe1+ 14. Qxe1 Qd6
15. Nxd4 Nxd4 16. Rd1 Qe6 17. Bxd5 Qxe1+ 18. Rxe1 Ne6 19. Bf4 a5 20. Be3 Nd8 21.
c4 Nc6 22. a3 Bf5 23. Bb6 h5 24. f3 a4 25. Re2 Bd3 26. Rd2 Bf5 27. Re2 Bd3 28.
Re3 Bc2 29. Kf2 Rc8 30. Ke2 g5 31. h4 gxh4 32. gxh4 Kg7 33. Kf2 Kf6 34. Re2 Bd3
35. Rb2 Kg6 36. Ke3 Bf5 37. Rg2+ Kf6 38. Kf4 Bd3 39. Rb2 Bg6 40. Bc5 Nd8 41.
Rb6+ Ne6+ 42. Bxe6 fxe6 43. Bd4+ Ke7 44. Rxb7+ Kd6 45. Rb6+ Kd7 46. c5 Bc2 47.
Kg5 e5 48. Bxe5 Rxc5 49. f4 Rd5 50. Rb7+ Ke6 51. Rb6+ Kd7 52. Kxh5 Rd3 53. Bb2
Rg3 54. Rb4 Ke6 55. Rb5 Rg2 56. Bc3 Rg3 57. Bb2 Rg2 58. f5+ Kd7 59. f6 Bb3 60.
Bd4 Ke6 61. Re5+ Kd6 62. Rg5 Rd2 63. Be5+ Ke6 64. Bc3 Ra2 65. Kg6 Rf2 66. h5 Rf3
67. Bb2 Rf2 68. Bd4 Rf4 69. Be5 Rf3 70. h6 Bc2+ 71. Kg7 Rb3 72. Bc7 Rf3 73. Re5+
Kd7 74. Re7+ Kc6 75. f7 1-0

[Event "GCT 2022 Saint Louis - Rapid"]
[Site "Saint Louis"]
[Date "26.08.2022"]
[Round "2R"]
[White "Shankland, Samam"]
[Black "Dominguez Perez, Leinier"]
[Result "1/2-1/2"]
[WhiteTitle ""]
[BlackTitle ""]
[WhiteElo "2720"]
[BlackElo "2754"]
[WhiteFideId "2004887"]
[BlackFideId "3503240"]
[EventDate "2022.08.26"]

1. c4 c5 2. Nf3 Nf6 3. Nc3 Nc6 4. d4 cxd4 5. Nxd4 e6 6. e3 Be7 7. Be2 O-O 8. O-O
d5 9. cxd5 Nxd4 10. exd4 Nxd5 11. Nxd5 exd5 12. Qb3 Bf6 13. Be3 Qd6 14. Rac1 Be6
15. Rc3 Qb6 16. Qxb6 axb6 17. a3 Rfc8 18. Rfc1 Rxc3 19. Rxc3 Rc8 20. Rb3 Bd8 21.
Kf1 Bd7 22. Bb5 Bf5 23. Bd3 Bxd3+ 24. Rxd3 f6 25. Rb3 Kf7 26. Ke2 h5 27. Kd3 Ke6
28. f3 Kd7 29. h3 Bc7 30. Rc3 Bd6 31. Rxc8 Kxc8 32. g4 g6 33. Kc3 b5 34. Kb3 Kd7
35. Bd2 f5 36. Bb4 Bf4 37. Bc3 Be3 38. Kb4 Kc6 39. Kb3 fxg4 40. fxg4 hxg4 41.
hxg4 Bf4 42. Kb4 Bd6+ 43. Kb3 Kd7 44. Bb4 Bf4 45. Bc3 Bd6 46. Bb4 Bf4 47. Bc3
Bd6 48. Bb4 Bf4 1/2-1/2

[Event "GCT 2022 Saint Louis - Rapid"]
[Site "Saint Louis"]
[Date "26.08.2022"]
[Round "3R"]
[White "Vachier-Lagrave, Maximeaxime"]
[Black "Mamedyarov, Shakhriyar"]
[Result "1-0"]
[WhiteTitle ""]
[BlackTitle ""]
[WhiteElo "2757"]
[BlackElo "2758"]
[WhiteFideId "623539"]
[BlackFideId "13401319"]
[EventDate "2022.08.26"]

1. e4 e5 2. Nf3 Nc6 3. Bb5 a6 4. Ba4 Nf6 5. O-O Nxe4 6. d4 b5 7. Bb3 d5 8. dxe5
Be6 9. c3 Be7 10. Be3 Qd7 11. Nbd2 Nxd2 12. Qxd2 Na5 13. Bg5 c5 14. Rad1 Rd8 15.
Bc2 Nc4 16. Qc1 h6 17. Bxe7 Qxe7 18. b3 Nb6 19. h3 O-O 20. Qe3 Rc8 21. Rfe1 Rfd8
22. Bb1 Rc7 23. Rd2 Rcd7 24. Red1 Kf8 25. Nh2 d4 26. cxd4 Nd5 27. Qg3 b4 28. Nf3
Nc3 29. Re1 cxd4 30. Bd3 a5 31. Qf4 a4 32. bxa4 Kg8 33. Bb5 Nxb5 34. axb5 Qc5
35. Re4 Bd5 36. Rexd4 Bxf3 37. Rxd7 Qc1+ 38. Rd1 Qxf4 39. Rxd8+ Kh7 40. gxf3
Qxe5 41. R8d5 Qf6 42. Kg2 Qg6+ 43. Kh2 Qf6 44. R1d3 Qb2 45. Rd2 Qf6 46. R5d4
Qe5+ 47. f4 Qxb5 48. Rb2 Qa5 49. Rdxb4 Qa3 50. R4b3 Qa4 51. Kg3 g5 52. fxg5 hxg5
53. Rf3 f5 54. Rxf5 Qa3+ 55. Rb3 Qxa2 56. Rb7+ Kh6 57. Rf6+ 1-0

[Event "GCT 2022 Saint Louis - Rapid"]
[Site "Saint Louis"]
[Date "26.08.2022"]
[Round "3R"]
[White "Dominguez Perez, Leinier"]
[Black "Xiong, Jeffery"]
[Result "1/2-1/2"]
[WhiteTitle ""]
[BlackTitle ""]
[WhiteElo "2754"]
[BlackElo "2690"]
[WhiteFideId "3503240"]
[BlackFideId "2047640"]
[EventDate "2022.08.26"]

1. e4 c5 2. Nf3 Nc6 3. d4 cxd4 4. Nxd4 Nf6 5. Nc3 e5 6. Ndb5 d6 7. Bg5 a6 8. Na3
b5 9. Nd5 Be7 10. Bxf6 Bxf6 11. c3 Bg5 12. Nc2 Rb8 13. Bd3 O-O 14. Ncb4 Nxb4 15.
cxb4 Be6 16. Bc2 a5 17. a3 Bxd5 18. Qxd5 Qc7 19. Bd1 axb4 20. axb4 Qc4 21. Bb3
Qxb4+ 22. Ke2 Rbc8 23. Ra7 Kh8 24. Rha1 f5 25. exf5 Qg4+ 26. Qf3 Qd4 27. Kf1 e4
28. Qg4 Bc1 29. Rf7 Qd3+ 30. Qe2 Rxf7 31. Bxf7 Bxb2 32. Rd1 Rc1 33. Rxc1 Bxc1
34. Qxd3 exd3 35. Ke1 Bf4 36. g3 Be5 37. Kd2 Bd4 38. f3 Bg1 39. h3 Bh2 40. g4
Be5 41. Kxd3 b4 42. Ke4 g6 43. f4 gxf5+ 44. Kxf5 Kg7 45. Bb3 Bc3 46. g5 h6 47.
h4 Bd4 48. Kg4 hxg5 49. hxg5 Bb6 50. Bc4 d5 51. Bxd5 Bc7 52. Bb3 Bd6 53. Kf5 Bc7
54. Ke4 Bd6 55. Bc2 Bc7 56. Kf3 Bd6 57. Kg4 Bc7 58. Bb3 Bd6 59. f5 Be7 60. Kf4
Bd8 61. Bc4 Be7 62. Bb3 Bd8 63. Bc4 Be7 64. Bb3 1/2-1/2

[Event "GCT 2022 Saint Louis - Rapid"]
[Site "Saint Louis"]
[Date "26.08.2022"]
[Round "3R"]
[White "Caruana, Fabianoabiano"]
[Black "Nepomniachtchi, Ian"]
[Result "1/2-1/2"]
[WhiteTitle ""]
[BlackTitle ""]
[WhiteElo "2776"]
[BlackElo "2792"]
[WhiteFideId "2020009"]
[BlackFideId "4168119"]
[EventDate "2022.08.26"]

1. d4 Nf6 2. c4 e6 3. Nc3 Bb4 4. e3 c5 5. Bd3 d5 6. a3 Bxc3+ 7. bxc3 dxc4 8.
Bxc4 Qc7 9. Ba2 b6 10. Ne2 O-O 11. O-O Ba6 12. Re1 Rd8 13. Ng3 Nc6 14. Rb1 Rac8
15. Rb2 Na5 16. e4 cxd4 17. cxd4 Qc3 18. Rd2 Nc4 19. Bxc4 Bxc4 20. Bb2 Qb3 21.
Qa1 Qa2 22. Qxa2 Bxa2 23. d5 Ne8 24. Bd4 Bb3 25. dxe6 Bxe6 26. f4 f6 27. Be3
Rxd2 28. Bxd2 Rc2 29. Be3 Nd6 30. Rc1 Bb3 31. Rxc2 Bxc2 32. Bd2 a5 33. Kf2 Nc4
34. Bc1 b5 35. Nf1 Bxe4 36. Ne3 Nd6 37. Bd2 Nb7 38. g4 Kf7 39. h4 Ke6 40. h5 g6
41. hxg6 hxg6 42. Bc3 a4 43. Ke2 Nc5 44. Bd4 Nd3 45. Nd1 b4 46. axb4 Nxb4 47.
Nc3 Bc6 48. Bc5 Na6 49. Ba3 Nb8 50. Ke3 Nd7 51. Kd4 Kf7 52. Bd6 Nf8 53. Kc4 Bd7
54. Kb4 Bxg4 55. Nxa4 Ne6 56. Kc3 Ng7 57. Nc5 Nf5 58. Bb8 Bf3 59. Kd3 Ke7 60.
Bc7 Bc6 61. Ke2 Nd4+ 62. Ke3 Nb5 63. Ba5 Kd6 64. Bb4 Kd5 65. Ne4 Ke6 66. Ng3 Nc7
67. Bd2 Kd6 68. Kf2 Nd5 69. f5 g5 70. Ne4+ Ke5 71. Nxg5 fxg5 72. Bxg5 Kxf5 73.
Bd8 Kf4 74. Ba5 Ba4 75. Bd2+ Ke4 76. Ba5 Bd1 77. Ke1 Bh5 78. Kf2 Ne3 79. Bd8 Bf3
80. Bb6 Ng4+ 81. Kg3 Bd1 82. Bd8 Kf5 83. Ba5 Nf6 84. Kf2 Ng4+ 85. Kg3 Ne5 86.
Bc7 Bc2 87. Bxe5 Kxe5 1/2-1/2

[Event "GCT 2022 Saint Louis - Rapid"]
[Site "Saint Louis"]
[Date "27.08.2022"]
[Round "4R"]
[White "Shankland, Samam"]
[Black "Aronian, Levonevon"]
[Result "1/2-1/2"]
[WhiteElo "2720"]
[BlackElo "2775"]
[EventDate "2022.08.26"]

1. d4 Nf6 2. c4 e6 3. Nc3 Bb4 4. Nf3 d5 5. e3 O-O 6. Bd2 Re8 7. Rc1 b6 8.
cxd5 exd5 9. a3 Bf8 10. g3 c5 11. Bg2 Ba6 12. Ne2 Nc6 13. dxc5 bxc5 14. O-O
Qb6 15. Re1 Rad8 16. Qc2 Bxe2 17. Rxe2 d4 18. Ree1 d3 19. Qa4 Ne4 20. Red1
a6 21. Ng5 Nxg5 22. Bxc6 Re6 23. Ba5 Qxb2 24. Bxd8 Nh3+ 25. Kg2 Nxf2 26.
Rb1 Nxd1+ 27. Rxb2 Nxb2 28. Qb3 d2 29. Bf3 d1=Q 30. Bxd1 Nxd1 31. Bg5 Rd6
32. e4 h6 33. Bc1 Rd4 34. e5 c4 35. Qb6 Re4 36. Qxa6 Re2+ 37. Kf1 Rc2 38.
Bf4 g5 39. Ke1 gxf4 40. Kxd1 Rxh2 41. gxf4 c3 42. Kc1 Rf2 43. Qc8 Rxf4 44.
Qxc3 Ra4 45. Qg3+ Kh8 46. e6 fxe6 47. Qe5+ Kh7 48. Qxe6 Rxa3 49. Qf5+ Kg7
50. Qe5+ Kf7 51. Qf5+ Kg7 52. Qe5+ Kf7 53. Qf5+ Kg7 54. Qe5+ 1/2-1/2

[Event "GCT 2022 Saint Louis - Rapid"]
[Site "Saint Louis"]
[Date "27.08.2022"]
[Round "4R"]
[White "Nepomniachtchi, Ian"]
[Black "Mamedyarov, Shakhriyar"]
[Result "1-0"]
[WhiteElo "2792"]
[BlackElo "2758"]
[EventDate "2022.08.26"]

1. d4 Nf6 2. c4 e6 3. Nf3 d5 4. g3 Bb4+ 5. Bd2 Be7 6. Bg2 O-O 7. O-O Nbd7
8. Qc2 c6 9. h4 b6 10. Nc3 Ba6 11. cxd5 cxd5 12. Rfc1 Bb7 13. Bf4 Rc8 14.
Qb3 a6 15. a4 h6 16. e3 Nh5 17. Bh3 Rc4 18. Qd1 Nxf4 19. exf4 Bd6 20. Bf1
Rc7 21. Bd3 Nf6 22. Qe2 Qa8 23. Ne5 Rfc8 24. f3 h5 25. Qe3 Bb4 26. Rc2 g6
27. Rac1 Kg7 28. Bxg6 fxg6 29. Qd3 Ne4 30. fxe4 dxe4 31. Qe3 Bd5 32. g4
hxg4 33. Rg2 Kh7 34. Rxg4 Rg8 35. Kh2 Qc8 36. f5 gxf5 37. Rxg8 Kxg8 38.
Qg5+ Rg7 39. Nxd5 1-0

[Event "GCT 2022 Saint Louis - Rapid"]
[Site "Saint Louis"]
[Date "27.08.2022"]
[Round "4R"]
[White "Caruana, Fabianoabiano"]
[Black "Dominguez Perez, Leinier"]
[Result "1/2-1/2"]
[WhiteElo "2776"]
[BlackElo "2754"]
[EventDate "2022.08.26"]

1. e4 e5 2. Nf3 Nf6 3. Nxe5 d6 4. Nf3 Nxe4 5. d4 d5 6. Bd3 Nc6 7. O-O Be7
8. Nbd2 Bf5 9. Re1 Nxd2 10. Qxd2 Qd7 11. Bb5 O-O 12. Ne5 Qd6 13. Bxc6 bxc6
14. Qf4 Bxc2 15. Bd2 Rae8 16. Qg3 f6 17. Bh6 Bg6 18. Nxg6 Qxg3 19. Nxe7+
Rxe7 20. hxg3 Rxe1+ 21. Rxe1 gxh6 22. Re6 Rb8 23. b3 Rb4 24. Rxc6 Rxd4 25.
Rxc7 a5 26. Ra7 Rd1+ 27. Kh2 Rd2 28. Rxa5 Rxf2 29. g4 Kf7 30. Kg3 Rc2 31.
Ra6 Kg6 32. b4 Rb2 33. Ra4 h5 34. gxh5+ Kxh5 35. a3 Kg5 36. Ra5 f5 37. Rxd5
Rb3+ 38. Kf2 Rxa3 39. b5 Ra2+ 40. Kf3 Rb2 41. Rd7 Rb3+ 42. Kf2 Rb2+ 43. Kf3
Rb3+ 44. Kf2 Rb2+ 45. Kf3 1/2-1/2

[Event "GCT 2022 Saint Louis - Rapid"]
[Site "Saint Louis"]
[Date "27.08.2022"]
[Round "5R"]
[White "Dominguez Perez, Leinier"]
[Black "Nepomniachtchi, Ian"]
[Result "1/2-1/2"]
[WhiteElo "2754"]
[BlackElo "2792"]
[EventDate "2022.08.26"]

1. e4 e5 2. Nf3 Nf6 3. Nxe5 d6 4. Nf3 Nxe4 5. d4 d5 6. Bd3 Bd6 7. O-O O-O
8. c4 c6 9. Re1 Bf5 10. Qb3 Qd7 11. a3 dxc4 12. Bxc4 b5 13. Bd3 Nf6 14. Bg5
Nd5 15. Bxf5 Qxf5 16. Nc3 Nd7 17. Nxd5 Qxd5 18. Qxd5 cxd5 19. Be7 Bxe7 20.
Rxe7 Nb6 21. Ne5 Rfe8 22. Rb7 f6 23. Nd7 Nxd7 24. Rxd7 Re2 25. Rc1 Rae8 26.
g3 Re1+ 27. Rxe1 Rxe1+ 28. Kg2 a6 29. Rd6 Rd1 30. Rxa6 b4 31. Ra4 bxa3 32.
bxa3 Rd3 33. Kf1 Rd2 34. Ke1 Ra2 35. Ra7 h5 36. h4 Kh7 37. Ra5 Kh6 38. Rxd5
Rxa3 39. Ke2 g5 40. Rf5 Kg6 41. Rf3 Ra1 42. Kd3 Rh1 43. hxg5 fxg5 44. d5 h4
45. gxh4 gxh4 46. Ke2 h3 47. Rd3 h2 48. Rh3 Kf6 49. Rh5 Ke7 50. Rh6 Kd7 51.
Kf3 Rd1 52. Rxh2 Rxd5 53. Ke4 Ra5 54. f4 Ke6 55. Rh6+ Kf7 56. Rh7+ Kf6 57.
Rh6+ Kf7 58. Rh7+ Kf6 59. Rh6+ Kf7 1/2-1/2

[Event "GCT 2022 Saint Louis - Rapid"]
[Site "Saint Louis"]
[Date "27.08.2022"]
[Round "5R"]
[White "Aronian, Levonevon"]
[Black "Xiong, Jeffery"]
[Result "1/2-1/2"]
[WhiteElo "2775"]
[BlackElo "2690"]
[EventDate "2022.08.26"]

1. e4 e5 2. Nf3 Nf6 3. Nxe5 d6 4. Nf3 Nxe4 5. d4 d5 6. Bd3 Bf5 7. O-O Be7
8. Re1 O-O 9. Nbd2 Nd6 10. Nf1 Bg6 11. Bf4 Nd7 12. Ng3 Re8 13. c3 Nf8 14.
Bxg6 hxg6 15. Qc2 Qc8 16. Qb3 Nc4 17. Nf1 Ne6 18. Bg3 c5 19. Ne3 Nxe3 20.
Rxe3 cxd4 21. Nxd4 Nxd4 22. cxd4 Qd7 23. Rae1 Bf6 24. Be5 Bxe5 25. dxe5 d4
26. e6 fxe6 27. Rxe6 Rxe6 28. Rxe6 Qf7 29. g3 Rd8 30. Re2 Qxb3 31. axb3 Rd5
32. Rd2 Rb5 33. Rxd4 Rxb3 34. Rd2 a5 35. h4 a4 36. Kg2 b5 37. g4 Kh7 38. f3
Rb4 39. Kg3 Rc4 40. Rd5 Rb4 41. Rd2 Rc4 42. Rd5 Rb4 43. Rd2 Rc4 1/2-1/2

[Event "GCT 2022 Saint Louis - Rapid"]
[Site "Saint Louis"]
[Date "27.08.2022"]
[Round "5R"]
[White "Vachier-Lagrave, Maximeaxime"]
[Black "Shankland, Samam"]
[Result "1/2-1/2"]
[WhiteElo "2757"]
[BlackElo "2720"]
[EventDate "2022.08.26"]

1. e4 e5 2. Nf3 Nc6 3. Bb5 Nf6 4. O-O Nxe4 5. Re1 Nd6 6. Nxe5 Be7 7. Bf1
Nxe5 8. Rxe5 O-O 9. Nc3 Bf6 10. Re1 Re8 11. Nd5 Rxe1 12. Qxe1 b6 13. d3 Bb7
14. Nxf6+ Qxf6 15. Qb4 c5 16. Qg4 Bc6 17. c3 Re8 18. Bd2 Nf5 19. a4 h6 20.
b4 cxb4 21. Qxb4 Nh4 22. Qf4 Re6 23. Qxf6 Rxf6 24. f3 g5 25. Be3 Nf5 26.
Bf2 Re6 27. a5 Ne3 28. Bxe3 Rxe3 29. axb6 axb6 30. Rb1 b5 31. Kf2 Re8 32.
d4 Ra8 33. Bxb5 Ra2+ 34. Be2 d5 35. Ke3 Bd7 36. g3 Rc2 37. Rb3 Kg7 38. h4
Be6 39. hxg5 hxg5 40. Bd3 Rh2 41. g4 Rh3 42. Bf1 Rh2 43. Rb6 Rc2 44. Rc6
Kf8 45. Bd3 Rc1 46. Rc7 Ke8 47. Kd2 Ra1 48. Bf5 Kf8 49. Rb7 Rf1 50. Ke2 Rc1
51. Rc7 Rh1 52. Bxe6 fxe6 53. Rc5 Ke7 54. c4 Kd6 55. cxd5 e5 56. Ra5 exd4
57. Kd3 Rf1 58. Ke4 d3 59. Ra6+ Kd7 60. Ra2 Kd6 61. Rd2 Re1+ 62. Kd4 Re5
63. Rxd3 Rxd5+ 64. Ke4 Rxd3 65. Kxd3 Kd5 66. Kd2 Kd6 67. Ke2 Ke6 68. Ke3
Ke5 69. f4+ gxf4+ 70. Kf3 Kf6 71. Kxf4 Kg6 72. Ke3 Kg5 73. Kd2 Kxg4 1/2-1/2

[Event "GCT 2022 Saint Louis - Rapid"]
[Site "Saint Louis"]
[Date "27.08.2022"]
[Round "6R"]
[White "Xiong, Jeffery"]
[Black "Vachier-Lagrave, Maximeaxime"]
[Result "1/2-1/2"]
[WhiteElo "2690"]
[BlackElo "2757"]
[EventDate "2022.08.26"]

1. d4 Nf6 2. c4 g6 3. Nc3 d5 4. cxd5 Nxd5 5. e4 Nxc3 6. bxc3 Bg7 7. Nf3 c5
8. Bb5+ Nc6 9. O-O O-O 10. Bxc6 bxc6 11. Qc2 cxd4 12. cxd4 Bg4 13. Ne5 Qxd4
14. Bb2 Qb6 15. Rfb1 Rfb8 16. h3 Be6 17. Nd7 Qxb2 18. Rxb2 Rxb2 19. Qxc6
Rd8 20. Rd1 Rbb8 21. Qa4 Rbc8 22. f4 h5 23. Ne5 Rxd1+ 24. Qxd1 Bxe5 25.
fxe5 Bxa2 26. Qd7 Be6 27. Qxe7 Rc1+ 28. Kf2 Rc2+ 29. Kf3 Ra2 30. g4 hxg4+
31. hxg4 a5 32. Qd8+ Kg7 33. Qf6+ Kg8 34. Qd8+ Kg7 35. Qf6+ Kg8 36. Qd8+
Kg7 1/2-1/2

[Event "GCT 2022 Saint Louis - Rapid"]
[Site "Saint Louis"]
[Date "27.08.2022"]
[Round "6R"]
[White "Shankland, Samam"]
[Black "Mamedyarov, Shakhriyar"]
[Result "1/2-1/2"]
[WhiteElo "2720"]
[BlackElo "2758"]
[EventDate "2022.08.26"]

1. d4 Nf6 2. c4 c6 3. Nc3 d5 4. e3 e6 5. Nf3 Nbd7 6. Be2 Bd6 7. O-O O-O 8.
b3 e5 9. dxe5 Nxe5 10. cxd5 Nxf3+ 11. Bxf3 Be5 12. Bb2 Nxd5 13. Bxd5 cxd5
14. Na4 Bxb2 15. Nxb2 Qf6 16. Qd2 Rd8 17. Rfd1 Bf5 18. Qd4 Qxd4 19. Rxd4
Rac8 20. Rd2 f6 21. Rad1 Bc2 22. Rc1 Bg6 23. Rxc8 Rxc8 24. f3 Rc1+ 25. Kf2
Bb1 26. Nd1 Bxa2 27. Rxa2 Rxd1 28. Rxa7 Rd2+ 29. Kf1 b6 30. Rb7 Rd3 31.
Rxb6 Rxe3 32. Rb7 d4 33. Rd7 Rxb3 34. Rxd4 Rb1+ 35. Kf2 Rb2+ 36. Kf1 Rb1+
37. Kf2 Rb2+ 38. Kf1 Rb1+ 39. Kf2 Rb2+ 40. Kf1 1/2-1/2

[Event "GCT 2022 Saint Louis - Rapid"]
[Site "Saint Louis"]
[Date "27.08.2022"]
[Round "6R"]
[White "Caruana, Fabianoabiano"]
[Black "Aronian, Levonevon"]
[Result "1/2-1/2"]
[WhiteElo "2776"]
[BlackElo "2775"]
[EventDate "2022.08.26"]

1. d4 Nf6 2. c4 e6 3. Nc3 Bb4 4. e3 O-O 5. Bd2 c5 6. a3 Bxc3 7. Bxc3 Ne4 8.
Ne2 b6 9. d5 d6 10. dxe6 fxe6 11. f3 Nxc3 12. Nxc3 Bb7 13. h4 Qe7 14. Qc2
Nd7 15. O-O-O Rad8 16. Bd3 h6 17. Kb1 Ne5 18. Be2 d5 19. cxd5 exd5 20. f4
d4 21. exd4 cxd4 22. fxe5 dxc3 23. Qxc3 Bxg2 24. Rhg1 Rxd1+ 25. Bxd1 Be4+
26. Ka1 Bd5 27. Bb3 Bxb3 28. Qxb3+ Kh8 29. Qg3 Re8 30. Re1 Qe6 31. Qf4 a5
32. Qd4 Kh7 33. Qd3+ Kh8 34. Qd4 Kh7 35. Qd3+ Kh8 36. Qd4 1/2-1/2

[Event "Saint Louis Rapid 2022"]
[Site "Saint Louis"]
[Date "2022.08.28"]
[Round "7R"]
[White "Mamedyarov, Shakhriyar"]
[Black "Xiong, Jeffery"]
[Result "1-0"]
[WhiteElo "2758"]
[BlackElo "2690"]
[EventDate "2022.08.26"]

1. d4 Nf6 2. c4 e6 3. Nf3 d5 4. Nc3 c5 5. cxd5 cxd4 6. Qxd4 exd5 7. e4 dxe4
8. Qxd8+ Kxd8 9. Ng5 Be6 10. Nxe6+ fxe6 11. Bg5 Nc6 12. O-O-O+ Ke8 13. Kb1
Bb4 14. Bxf6 gxf6 15. Nxe4 Ke7 16. a3 f5 17. Ng5 Bc5 18. Bc4 e5 19. Ne6 Bb6
20. f4 Rhg8 21. fxe5 Nxe5 22. Bd5 Kf6 23. Nf4 Rgd8 24. Bxb7 Rxd1+ 25. Rxd1
Rd8 26. Rxd8 Bxd8 27. Kc2 Ng6 28. Nd5+ Ke5 29. b4 Ne7 30. Nc3 Bb6 31. Kd3
Ng6 32. Kc4 Bg1 33. h3 Bf2 34. a4 Kf4 35. Ne2+ Ke5 36. a5 Kd6 37. Kb5 Kc7
38. Bf3 Ne5 39. Nc3 Be1 40. Nd5+ Kd6 41. Ne3 Nd3 42. Nxf5+ Ke5 43. Ne7 Nxb4
44. a6 1-0